Ładuje się......

Speech Technology : Issues and implications in Indian languages

Opis bibliograficzny
Kolejni autorzy: Nagamma Reddy, K. (Redaktor)
Format: Printed Book
Wydane: Thiruvananthapuram Dravidian Linguistic Association 2000
Hasła przedmiotowe:
LEADER 00598nam a2200181 4500
020 |a 8185692297 
082 |a 414.8 NAG 
100
245 |a Speech Technology : Issues and implications in Indian languages  |h ENGLISH 
250
260 |a Thiruvananthapuram  |b Dravidian Linguistic Association  |c 2000 
300 |a 298 P  |b HB  |f Book 
500
650 |a Speech Technology , Indian languages 
700 |a Nagamma Reddy, K.  |e Editor 
942 |c BK 
999 |c 268668  |d 268668 
952 |0 0  |1 0  |4 0  |6 414_800000000000000_NAG  |7 0  |9 285389  |a LIN  |b LIN  |d 2008-09-16  |l 0  |o 414.8 NAG  |p LIN9269  |r 2020-02-06  |w 2020-02-06  |y BK